000 00672nam a2200193 4500
003 CO-ViMGA
020 _a9789583054112
040 _aCO-ViMGA
_bspa
_cCO-ViMGA
082 0 4 _aI 823.8
_bK36l
100 1 _aKipling, Rudyard,
_d1865-1936
_92790
245 1 0 _aEl libro de la selva = The jungle book :
_bclásicos ingles - español /
_cRudyard Kipling ; traducción Antonio Ortiz
260 _aBogota :
_bPanamericana editorial,
_c2017.
300 _a64 p. :
_bdibujos ; 22 cm.
500 _aTexto bilingue en ingles y español
650 1 4 _aAnimales
_xNovela juvenil
_92791
650 1 4 _aNovela juvenil inglesa
_9368
700 1 _aOrtiz, Antonio,
_etr.
_92792
942 _2ddc
_cBK
999 _c37169
_d37169